000 00948cam a22002174a 4500
005 20250605163944.0
008 250528s ||||||||||||||||||||||||d
035 _a15166
020 _a131079700
040 _aGR-AtMCL
_bgre
_dGR-AtMCL
_eAACR2
245 1 _aBusiness / Information Systems: Fifth Edition
250 _a5th
260 _bPrentice Hall,
_c1994
300 _a518
520 _aThis book presents comprehensive coverage of data processing and systems analysis as applied to business activities. Preface, Acknowledgements, Business and Management Information, Computers in Business, Data Capture and Computer Input/ Output, Logical Files and Databases, Programming and Software, Systems Investigation, Systems Design, Systems Implementation, Case Study - Stock Control and Sales Analysis, Glossary, Index.
700 1 _aClifton H.D
_91025
700 1 _aSutcliffe A.G
_91026
942 _cBK
999 _c760
_d760